000 00377nam a2200169Ia 4500
001 10423
003 IN-NITTTR
005 20251114233057.0
008 251113s9999||||xx |||||||||||||| ||eng||
040 _beng
040 _cIN-NITTTR
041 _aeng
082 _a891.433 S71S H
100 _aSarkar, Badal
245 0 _asagina mahato. /
_cSarkar, Badal
942 _2ddc
_cBK
999 _c13060
_d13060